Essentials of research design and methodology / (رقم التسجيلة. 26000)
[ عرض عادي ]
| 000 -الفاتح | |
|---|---|
| حقل البيانات ثابتة الطول | 01541cam a22003374a 4500 |
| 001 - رقم الضبط | |
| رقم الضبط | 56413054 |
| 003 - محدد رقم الضبط | |
| رقم الضبط | OSt |
| 005 - وقت وتاريخ اخر تعامل مع التسجيلة | |
| رقم الضبط | 20211229112226.0 |
| 008 - عناصر البيانات ثابتة الطول - معلومات عامة | |
| حقل البيانات ثابتة الطول | 040824s2005 njua b 001 0 eng |
| 010 ## - رقم ضبط مكتبة الكونجرس | |
| رقم ضبط مكتبة الكونجرس | 2004058384 |
| 015 ## - رقم الببليوجرافية الوطنية | |
| رقم الببليوجرافية الوطنية | GBA489608 |
| المصدر | bnb |
| 020 ## - الرقم الدولى المعيارى للكتب | |
| الرقم الدولى المعيارى للكتاب | 9780471470533 |
| 040 ## - مصدر الفهرسة | |
| وكالة الفهرسة الأصلية | Ma-Un |
| وكالة النسخ | Ma-Un |
| 042 ## - رمز التحقق | |
| رمز التحقق | pcc |
| 050 00 - رقم طلب مكتبة الكونجرس | |
| رقم التصنيف | BF76.5 |
| رقم المادة | .M317 2005 |
| 082 00 - رقم تصنيف ديوى العشرى | |
| رقم التصنيف | 150.72 |
| رقم المادة | MGE |
| رقم الطبعة | 22 |
| 100 1# - المدخل الرئيسى - إسم شخصى | |
| الإسم الشخصى | Marczyk, Geoffrey R., |
| التواريخ المصاحبة للاسم | 1964- |
| 9 (RLIN) | 17397 |
| 245 10 - بيان العنوان | |
| العنوان | Essentials of research design and methodology / |
| بيان المسئوليه,etc | Geoffrey Marczyk, David DeMatteo, David Festinger. |
| 260 ## - PUBLICATION, DISTRIBUTION, ETC. (IMPRINT) | |
| مكان الناشر او الموزع | Hoboken, N.J. : |
| اسم الناشر او الموزع | John Wiley & Sons, |
| تاريخ النشر أو التوزيع | c2005. |
| 300 ## - الوصف المادى | |
| التعداد | xi, 290 p. : |
| تفاصيل ماديه اخرى للوعاء | ill. ; |
| أبعاد الوعاء | 22 cm. |
| 490 1# - بيان السلسلة | |
| عنوان السلسلة | Essentials of behavioral science series. |
| 504 ## - تبصرة ببليوجرافية | |
| تبصرة ببليوجرافية,الخ | Includes bibliographical references (p. 277-282) and index. |
| 505 0# - تبصرة محتويات-الفهرس | |
| تبصرة المحتويات المصاغة | Planning and designing a research study -- General approaches for controlling artifact and bias -- Data collection, assessment methods, and measurement strategies -- General types of research designs and approaches -- Validity -- Data preparation, analyses, and interpretation -- Ethical considerations in research -- Disseminating research results and distilling principles of research design and methodology. |
| 650 #0 - المدخل الاضافى بالموضوع-مصطلح موضوعى | |
| مصطلح موضوعي أو اسم جغرافي كعنصر مدخل | Psychology |
| التقسيم الفرعي العام | Research |
| -- | Methodology. |
| 9 (RLIN) | 17398 |
| 650 12 - المدخل الاضافى بالموضوع-مصطلح موضوعى | |
| مصطلح موضوعي أو اسم جغرافي كعنصر مدخل | Behavioral Research |
| التقسيم الفرعي العام | methods. |
| 9 (RLIN) | 10516 |
| 650 12 - المدخل الاضافى بالموضوع-مصطلح موضوعى | |
| مصطلح موضوعي أو اسم جغرافي كعنصر مدخل | Research Design. |
| 9 (RLIN) | 11610 |
| 700 1# - المدخل الاضافى - اسم شخصى | |
| الإسم الشخصى | DeMatteo, David, |
| التواريخ المصاحبة للاسم | 1972- |
| 9 (RLIN) | 17399 |
| 700 1# - المدخل الاضافى - اسم شخصى | |
| الإسم الشخصى | Festinger, David. |
| 9 (RLIN) | 17400 |
| 830 #0 - المدخل الاضافى بالسلسلة -عنوان موحد | |
| عنوان موحد | Essentials of behavioral science series. |
| 9 (RLIN) | 17401 |
| 942 ## - عناصر المدخل الإضافي( كوها) | |
| مصدر التصنيف او مخطط الترفيف | Dewey Decimal Classification |
| Koha [default] item type | كتاب |
| حالة الفقد | نموذج السعر الفعال | حالة تلف | ليس للاعارة | رقم الطلب | رقم النسخة | تاريخ الاكتساب | الموقع الحالي | الباركود | الفرع الرئيسي | Date last seen | نوع المادة فى نظام كوها | مصدر التصنيف او خطة الترفيف | Total Checkouts |
|---|---|---|---|---|---|---|---|---|---|---|---|---|---|
| 2013-03-10 | 150.72 MGE | 1 | 2012-10-23 | المكتبة المركزية بالمجمعة (CL) | 00450090 | المكتبة المركزية بالمجمعة (CL) | 2013-03-10 | كتاب | Dewey Decimal Classification | ||||
| 2013-03-10 | 150.72 MGE | 2 | 2012-10-23 | المكتبة المركزية بالمجمعة (CL) | 00450089 | المكتبة المركزية بالمجمعة (CL) | 2013-03-10 | كتاب | Dewey Decimal Classification | ||||
| 2013-11-02 | 150.72 MGE | 2013-11-02 | المكتبة المركزية بالمجمعة (CL) | 00404077 | المكتبة المركزية بالمجمعة (CL) | 2013-11-02 | كتاب | Dewey Decimal Classification | |||||
| 2013-11-02 | 150.72 MGE | 2013-11-02 | المكتبة المركزية بالمجمعة (CL) | 00404078 | المكتبة المركزية بالمجمعة (CL) | 2013-11-02 | كتاب | Dewey Decimal Classification | |||||
| 2013-11-02 | 150.72 MGE | 2013-11-02 | المكتبة المركزية بالمجمعة (CL) | 00404079 | المكتبة المركزية بالمجمعة (CL) | 2013-11-02 | كتاب | Dewey Decimal Classification | |||||
| 2015-07-20 | 150.72 MGE | 2015-07-20 | المكتبة المركزية بالمجمعة (CL) | 00138195 | المكتبة المركزية بالمجمعة (CL) | 2015-07-20 | كتاب | Dewey Decimal Classification | |||||
| 2013-11-02 | 150.72 MGE | 2013-11-02 | مكتبة كلية التربية بالزلفى - طالبات (EZF) | 00404080 | مكتبة كلية التربية بالزلفى - طالبات (EZF) | 2013-11-02 | كتاب | Dewey Decimal Classification | |||||
| 2013-11-02 | 150.72 MGE | 2013-11-02 | مكتبة كلية التربية بالزلفى - طالبات (EZF) | 00404081 | مكتبة كلية التربية بالزلفى - طالبات (EZF) | 2013-11-02 | كتاب | Dewey Decimal Classification | |||||
| 2021-12-29 | 150.72 MGE | 2021-12-29 | مكتبة كلية العلوم و الدراسات الإنسانية برماح - طلاب (SRM) | 00168448 | مكتبة كلية العلوم و الدراسات الإنسانية برماح - طلاب (SRM) | 2021-12-29 | كتاب | Dewey Decimal Classification | |||||
| 2021-12-29 | 150.72 MGE | 2021-12-29 | مكتبة مجمع الطالبات بالمجمعة (EMF) | 00168449 | مكتبة مجمع الطالبات بالمجمعة (EMF) | 2021-12-29 | كتاب | Dewey Decimal Classification | |||||
| 2021-12-29 | 150.72 MGE | 2021-12-29 | مكتبة مجمع الطالبات بالمجمعة (EMF) | 00168450 | مكتبة مجمع الطالبات بالمجمعة (EMF) | 2021-12-29 | كتاب | Dewey Decimal Classification | |||||
| 2021-12-29 | 150.72 MGE | 2021-12-29 | مكتبة مجمع الكليات بالزلفى - طلاب (SZM) | 00168447 | مكتبة مجمع الكليات بالزلفى - طلاب (SZM) | 2021-12-29 | كتاب | Dewey Decimal Classification | |||||
| 2021-12-29 | 150.72 MGE | 2021-12-29 | مكتبة مجمع الكليات بالزلفى - طلاب (SZM) | 00168451 | مكتبة مجمع الكليات بالزلفى - طلاب (SZM) | 2021-12-29 | كتاب | Dewey Decimal Classification |
